Autsider : (Record no. 198462)

MARC details
000 -LEADER
campo de control de longitud fija 01084nam a2200313 i 4500
001 - NÚMERO DE CONTROL
campo de control 198462
003 - IDENTIFICADOR DE NÚMERO DE CONTROL
campo de control ES-MaACL
005 - FECHA Y HORA DE LA ÚLTIMA TRANSACCIÓN
campo de control 20260617185358.0
007 - CAMPO FIJO DE DESCRIPCIÓN FÍSICA--INFORMACIÓN GENERAL
campo de control de longitud fija ta
008 - DATOS DE LONGITUD FIJA--INFORMACIÓN GENERAL
campo de control de longitud fija 260617s2026 ag a|||| |||| 00| 0 spa d
020 ## - NÚMERO INTERNACIONAL ESTÁNDAR DEL LIBRO
Número Internacional Estándar del Libro 978-631-90593-9-7
040 ## - FUENTE DE CATALOGACIÓN
Centro catalogador/agencia de origen ES-MaACL
Lengua de catalogación spa
Centro/agencia transcriptor ES-MaACL
Normas de descripción rda
044 ## - CÓDIGO DEL PAÍS DE LA ENTIDAD EDITORA/PRODUCTORA
Código MARC del país ag
100 1# - ENTRADA PRINCIPAL--NOMBRE DE PERSONA
Nombre de persona Mauriño, Melisa
Relación aut
9 (RLIN) 243221
Término indicativo de función/relación Autor
245 10 - MENCIÓN DEL TÍTULO
Título Autsider :
Resto del título [reflexiones autobiográficas de una poeta autista] /
Mención de responsabilidad, etc. Melisa Mauriño
264 #1 - PRODUCCIÓN, PUBLICACIÓN, DISTRIBUCIÓN, FABRICACIÓN Y COPYRIGHT
Producción, publicación, distribución, fabricación y copyright Neuquén :
Nombre del de productor, editor, distribuidor, fabricante Tanta Ceniza,
Fecha de producción, publicación, distribución, fabricación o copyright 2026
300 ## - DESCRIPCIÓN FÍSICA
Extensión 68 páginas :
Otras características físicas ilustraciones (blanco y negro) ;
Dimensiones 20 cm
336 ## - TIPO DE CONTENIDO
Fuente rdacontent
Término de tipo de contenido Texto
337 ## - TIPO DE MEDIO
Fuente rdamedia
Nombre/término del tipo de medio sin mediación
338 ## - TIPO DE SOPORTE
Fuente rdacarrier
Nombre/término del tipo de soporte volumen
490 0# - MENCIÓN DE SERIE
Mención de serie Piel de las arenas ;
Designación de volumen o secuencia 15
500 ## - NOTA GENERAL
Nota general Registro provisional
500 ## - NOTA GENERAL
Nota general Ejemplar firmado y dedicado por la autora
655 #4 - TERMINO DE INDIZACIÓN--GENERO/FORMA
Datos o término principal de género/forma Poesías
9 (RLIN) 176539
852 ## - LOCALIZACIÓN
Ubicación ES-MaACL
Ubicación en estantería Despachos-biblioteca
Número de control de estantería DB-235
Anotaciones manuscritas Dedicatoria autógrafa de la autora
Encuadernación Encuadernación rústica
itemnumber 207492
942 ## - ELEMENTOS DE ENTRADA SECUNDARIOS (KOHA)
Tipo de ítem Koha Libro impreso
Suprimir en OPAC No
Holdings
Estatus retirado Estado de pérdida Fuente del sistema de clasificación o colocación Estado de daño No para préstamo Biblioteca de origen Biblioteca actual Ubicación en estantería Fecha de adquisición Fuente de adquisición Total de préstamos Signatura topográfica completa Código de barras Visto por última vez Precio de reemplazo Tipo de ítem Koha Nota pública
    Clasificación decimal universal     Biblioteca del Ateneo de Madrid Biblioteca del Ateneo de Madrid Despachos-biblioteca 15/06/2026 Donación   DB-235 2026-0484 17/06/2026 17/06/2026 Libro impreso Dedicatoria autógrafa de la autora